El proceso de mediación : Métodos prácticos para la resolución de conflictos
-д хадгалсан:
| Үндсэн зохиолч: | |
|---|---|
| Формат: | Ном |
| Хэл сонгох: | испани |
| Хэвлэсэн: |
Buenos Aires
Granica
2008
|
| Нөхцлүүд: | |
| Шошгууд: |
Шошго нэмэх
Шошго байхгүй, Энэхүү баримтыг шошголох эхний хүн болох!
|
MARC
| LEADER | 00000nam a22000005i 4500 | ||
|---|---|---|---|
| 003 | CL-ChBUA | ||
| 005 | 20160404131312.0 | ||
| 007 | ta | ||
| 008 | 160404s2008 ag ||||| |||| 000 ||spa | ||
| 020 | |a 978-950-641-478-8 | ||
| 040 | |a CL-ChBUA |c CL-ChBUA |e rda | ||
| 082 | 0 | 0 | |a 303.69 |
| 100 | 1 | |a Moore, Christopher W. |e autor | |
| 245 | 1 | 3 | |a El proceso de mediación : |b Métodos prácticos para la resolución de conflictos |c Christopher W. Moore |
| 260 | |a Buenos Aires |b Granica |c 2008 | ||
| 300 | |a 512 páginas |c 22 cm | ||
| 504 | |a índice, bibliografía | ||
| 650 | 4 | |a MEDIACION | |
| 650 | 4 | |a RESOLUCION DE CONFLICTOS | |
| 942 | |2 ddc |c LIB | ||
| 952 | |0 0 |1 0 |4 0 |6 303_690000000000000_M_821 |7 0 |9 1151188 |a UNACH |b UNACH |c 300 |d 2016-04-04 |i 57.562 |l 1 |m 2 |o 303.69 / M 821 |p 89032 |r 2019-07-01 00:00:00 |s 2019-06-10 |t 1 |w 2016-04-04 |y LIB | ||
| 952 | |0 0 |1 0 |2 ddc |4 0 |6 303_690000000000000_M_821 |7 0 |9 1151189 |a UNACH |b UNACH |c 300 |d 2016-04-04 |i 57.563 |l 3 |m 8 |o 303.69 / M 821 |p 89033 |r 2020-11-17 00:00:00 |s 2020-09-01 |t 2 |w 2016-04-04 |y LIB | ||
| 999 | |c 2197788 |d 2197788 | ||